Riadenie účastníkov distribučného kanála

Pre každú firmu je dôležité udržať a pestovať si zákazníkov. Efektívny distribučný systém prispieva k úspešnosti výrobku na trhu, k zvýšeniu objemu predaja. Riadenie distribučného kanála predstavuje identifikovanie kľúčových zákazníkov, komunikácia s nimi a vybudovanie hodnoty pre zákazníka po prvom...

Ausführliche Beschreibung

Gespeichert in:
Bibliographische Detailangaben
1. Verfasser: Kremeňová, Monika
Weitere Verfasser: Gabriš, Miloš
Format: Buchkapitel
Sprache:Slowakisch
Schlagworte:
Tags: Tag hinzufügen
Keine Tags, Fügen Sie das erste Tag hinzu!

MARC

LEADER 00000naa$a2200000$$$4500
001 0102913
005 20240502072121.7
041 0 |a slo 
044 |a SK 
245 1 0 |a Riadenie účastníkov distribučného kanála  |c Monika Kremeňová, Miloš Gabriš 
520 |a Pre každú firmu je dôležité udržať a pestovať si zákazníkov. Efektívny distribučný systém prispieva k úspešnosti výrobku na trhu, k zvýšeniu objemu predaja. Riadenie distribučného kanála predstavuje identifikovanie kľúčových zákazníkov, komunikácia s nimi a vybudovanie hodnoty pre zákazníka po prvom kontakte. Päť mechanizmov riadenia distribučného kanála. Spolupráca v distribučných kanáloch a tvorba nových distribučných systémov je najvýznamnejším trendom v distribučnom manažmente. 
610 2 0 |a distribúcia 
610 2 0 |a manažment 
610 2 0 |a kanály distribučné 
610 2 0 |a riadenie 
610 2 0 |a zákazníci 
100 1 |a Kremeňová, Monika 
700 1 |a Gabriš, Miloš